<?xml version="1.0" encoding="UTF-8"?>
<record
    xmlns:xsi="http://www.w3.org/2001/XMLSchema-instance"
    xsi:schemaLocation="http://www.loc.gov/MARC21/slim http://www.loc.gov/standards/marcxml/schema/MARC21slim.xsd"
    xmlns="http://www.loc.gov/MARC21/slim">

  <leader>01461nam a22002177a 4500</leader>
  <controlfield tag="003">IT-MiCISF</controlfield>
  <controlfield tag="005">20230206144753.0</controlfield>
  <controlfield tag="008">180709b           ||||| |||| 00| 0 eng d</controlfield>
  <datafield tag="040" ind1=" " ind2=" ">
    <subfield code="c">IT-MiCISF</subfield>
  </datafield>
  <datafield tag="041" ind1=" " ind2=" ">
    <subfield code="a">it</subfield>
  </datafield>
  <datafield tag="100" ind1=" " ind2=" ">
    <subfield code="a">Mineo Francesca</subfield>
    <subfield code="9">57301</subfield>
  </datafield>
  <datafield tag="245" ind1=" " ind2=" ">
    <subfield code="a">Adozione.</subfield>
    <subfield code="b">Una famiglia che nasce</subfield>
  </datafield>
  <datafield tag="260" ind1=" " ind2=" ">
    <subfield code="a">Cinisello B. (MI)</subfield>
    <subfield code="b">San Paolo</subfield>
    <subfield code="c">2018</subfield>
  </datafield>
  <datafield tag="300" ind1=" " ind2=" ">
    <subfield code="a">pp. 127</subfield>
  </datafield>
  <datafield tag="500" ind1=" " ind2=" ">
    <subfield code="a">famiglia, adozione, famiglia-adottiva, genitori-adottivi, rapporti-nonni-nipoti</subfield>
  </datafield>
  <datafield tag="501" ind1=" " ind2=" ">
    <subfield code="a">Prefazione di Cazzullo Aldo</subfield>
  </datafield>
  <datafield tag="520" ind1=" " ind2=" ">
    <subfield code="a">L'attesa di un bambino adottivo, desiderato e amato prima ancora di essere conosciuto, rappresenta una rivoluzione non solo per i futuri genitori, ma anche per i nonni pi&#xF9; esperti. Questo libro &#xE8; per loro guida autorevole ma anche diario di viaggio, che comincia con l'annuncio dell'adozione fino all'arrivo (spesso da un altro continente) e alla conoscenza del nipotino. Nulla &#xE8; scontato: ci saranno tempi lunghi come nella gravidanza degli elefanti, interrogativi, dubbi e tanta voglia di essere una vera risorsa per la nuova famiglia che nasce. Tranquilli: ci sar&#xE0; lavoro anche per voi, cari nonni, persino quando vi troverete al parchetto col vostro adorato bambino e dovrete fronteggiare la curiosit&#xE0; altrui. Qui potrete trovare un assaggio del lavoro (faticoso, certo, ma anche gioioso) che vi aspetta per la costruzione di questo amore.</subfield>
  </datafield>
  <datafield tag="650" ind1=" " ind2=" ">
    <subfield code="a">adozione/affido</subfield>
    <subfield code="9">56263</subfield>
  </datafield>
  <datafield tag="654" ind1=" " ind2=" ">
    <subfield code="a">saggio</subfield>
  </datafield>
  <datafield tag="942" ind1=" " ind2=" ">
    <subfield code="2">ddc</subfield>
    <subfield code="c">BK</subfield>
  </datafield>
  <datafield tag="999" ind1=" " ind2=" ">
    <subfield code="c">357947</subfield>
    <subfield code="d">357947</subfield>
  </datafield>
  <datafield tag="952" ind1=" " ind2=" ">
    <subfield code="0">0</subfield>
    <subfield code="1">0</subfield>
    <subfield code="2">ddc</subfield>
    <subfield code="4">0</subfield>
    <subfield code="6">A_2269_000000000000000</subfield>
    <subfield code="7">1</subfield>
    <subfield code="a">CISF</subfield>
    <subfield code="b">CISF</subfield>
    <subfield code="d">2018-07-09</subfield>
    <subfield code="l">0</subfield>
    <subfield code="o">a2269</subfield>
    <subfield code="p">9788892214408</subfield>
    <subfield code="r">2018-07-09 00:00:00</subfield>
    <subfield code="w">2018-07-09</subfield>
    <subfield code="y">BK</subfield>
  </datafield>
</record>
